Taxonomie Pokémon - Ours - Statistiques

Statistiques générales
  • Ce quiz a été pris 275 fois
    84 depuis la dernière actualisation
  • Le résultat moyen est 12 sur 16
Statistiques - réponses
Type de quiz Pokémon % Correct
Normal Ursaring
96%
Normal Teddiursa
94%
Glace Polarhume
92%
Glace Polagriffe
89%
Combat Pandespiègle
87%
Sol Normal Ursaking
86%
Sol Normal Ursaking (Lune Vermeille)
86%
Combat Ténèbres Pandarbare
83%
Normal Combat Chelours
80%
Normal Combat Nounourson
77%
Combat Eau Shifours (Mille Poings)
76%
Combat Ténèbres Shifours (Poing Final)
76%
Combat Wushours
75%
Normal Ronflex
59%
Normal Goinfrex
54%
Normal Spinda
30%
Aucun quiz correspondant
Distribution des résultats
% des personnes avec chaque résultat
Percentile par nombre de réponses
Votre historique - résultats
Vous n’avez pas pris ce quiz depuis la dernière actualisation